|
|
|
|
| LEADER |
008890000a22002530004500 |
| 082 |
|
|
|a 547 FUR
|
| 100 |
|
|
|a Furniss, B S
|9 58770
|
| 100 |
|
|
|a Hannaford, A J
|9 149789
|
| 100 |
|
|
|a Smith, P W G
|9 149790
|
| 100 |
|
|
|a Tatchell, A R
|f Editor
|9 149791
|
| 245 |
|
|
|a Vogels Textbook of Practical Organic chemistry
|
| 250 |
|
|
|a 5
|
| 260 |
|
|
|a Delhi, Pearson Education
|
| 260 |
|
|
|c 2010
|
| 650 |
|
|
|a Alicyclic compounds
|9 149792
|
| 650 |
|
|
|a Aliphatic compounds
|9 146268
|
| 650 |
|
|
|a Aromatic compounds
|9 149793
|
| 650 |
|
|
|a Carbohydrates
|9 149794
|
| 650 |
|
|
|a Heterocyclic compounds
|9 149795
|
| 650 |
|
|
|a Organic synthesis
|9 149796
|
| 942 |
|
|
|c BK
|
| 999 |
|
|
|c 180513
|d 180509
|
| 952 |
|
|
|0 0
|1 0
|4 0
|6 547_000000000000000_FUR
|7 0
|9 179072
|a SES
|b SES
|d 2019-05-16
|l 0
|o 547 FUR
|p SES04080
|r 2019-05-16
|w 2019-05-16
|y BK
|
| 952 |
|
|
|0 0
|1 0
|4 0
|7 0
|9 179073
|a SES
|b SES
|d 2019-05-16
|l 0
|p SES04655
|r 2019-05-16
|w 2019-05-16
|y BK
|